000 00399nam a2200157Ia 4500
008 230312s9999||||xx |||||||||||||| ||und||
020 _a81-89757-91-5
082 _a621.3
_bGUP-I
100 _aGupta;J.B
245 0 _aIntegrated Course in Electrical Engineering
260 _bKatson
_aIndia
_c2012
300 _a977
546 _aEng.
650 _aEngineering
_vElectrical Engineering
942 _cBK
999 _c7385
_d7385